[Event "Biedermeier op 3rd"]
[Site "Austria"]
[Date "2001.??.??"]
[Round "3"]
[White "Loeschnauer, Dietmar"]
[Black "Rous, Frantisek"]
[Result "0-1"]
[WhiteElo "1875"]
[BlackElo "2050"]
[PlyCount "84"]
[EventDate "2001.??.??"]
[EventType "swiss"]
[EventRounds "5"]
[EventCountry "AUT"]
[SourceTitle "EXT 2003"]
[Source "ChessBase"]
[SourceDate "2002.11.25"]
[SourceVersion "1"]
[SourceVersionDate "2002.11.25"]
[SourceQuality "1"]

1. d4 Nf6 2. c4 g6 3. Nc3 Bg7 4. Nf3 d6 5. e4 0-0 6. Bd3 e5 7. d5 Na6 8. h3 c6 9. Bg5 h6 10. Bxf6 Qxf6 11. a3 Nc5 12. Bc2 a5 13. Na4 Nxa4 14. Bxa4 Qf4 15. Bc2 Bd7 16. Qd2 cxd5 17. cxd5 Qf6 18. Bd3 Rfc8 19. Ke2 Qd8 20. Rac1 f5 21. Rxc8 Rxc8 22. Rc1 fxe4 23. Bxe4 Bb5+ 24. Ke1 g5 25. Rxc8 Qxc8 26. Qc3 Qxc3+ 27. bxc3 Kf7 28. Nd2 Bf6 29. g4 Bd8 30. c4 Ba4 31. Nb1 Bb6 32. f3 Bc5 33. Ke2 Bb3 34. Nd2 Ba4 35. Nb1 Ke7 36. Kd2 Bb3 37. Bd3 Bd4 38. Kc1 Kd7 39. Nd2 Be3 40. Kb2 Bd1 41. Nf1 Bd4+ 42. Kc1 Bxf3 0-1